[Event "BLR-ch U20"]
[Site "Minsk"]
[Date "2005.04.13"]
[Round "6"]
[White "Stupak, Kirill"]
[Black "Zhigalko, Sergei"]
[Result "1/2-1/2"]
[WhiteElo "2227"]
[BlackElo "2462"]
[PlyCount "127"]
[EventDate "2005.04.08"]
[EventType "tourn"]
[EventRounds "9"]
[EventCountry "BLR"]
[EventCategory "2"]
[SourceTitle "CBM 105 Extra"]
[Source "ChessBase"]
[SourceDate "2005.05.01"]
[SourceVersion "1"]
[SourceVersionDate "2005.05.01"]
[SourceQuality "1"]

1. d4 d5 2. Nf3 c6 3. g3 Bg4 4. Ne5 Bf5 5. Bg2 Nd7 6. O-O Nxe5 7. dxe5 e6 8. e4 dxe4 9. Qxd8+ Rxd8 10. Nc3 Ne7 11. Bxe4 Nd5 12. Bxf5 exf5 13. Nxd5 Rxd5 14. Be3 b6 15. f4 Bc5 16. Bxc5 bxc5 17. Rfd1 Ke7 18. Rxd5 cxd5 19. Rd1 Ke6 20. c3 Rb8 21. Rd2 h6 22. Kf2 Rb6 23. Rc2 Rb8 24. Kf3 a5 25. Rd2 a4 26. Kf2 g5 27. Kf3 Rg8 28. Rd1 gxf4 29. gxf4 h5 30. h4 Rg4 31. Rh1 c4 32. a3 Kd7 33. Rd1 Kc6 34. Rh1 Kc5 35. Rh2 Rg1 36. Rd2 Rf1+ 37. Kg3 Rh1 38. Re2 d4 39. cxd4+ Kxd4 40. Rd2+ Ke3 41. Rd7 Rg1+ 42. Kh2 Rb1 43. Rxf7 Kxf4 44. Rb7 Kxe5 45. Rb4 Kd4 46. Kg3 Ke3 47. Rxc4 f4+ 48. Kh3 f3 49. Rc3+ Ke4 50. Rc4+ Kd5 51. Rf4 Ke5 52. Rxf3 Rxb2 53. Rf8 Rb3+ 54. Kg2 Rxa3 55. Rh8 Kf4 56. Rxh5 Kg4 57. Ra5 Ra2+ 58. Kf1 Kxh4 59. Ke1 a3 60. Kd1 Ra1+ 61. Kc2 Kg4 62. Kb3 a2 63. Rxa2 Rxa2 64. Kxa2 1/2-1/2

[Event "BLR-ch U20"]
[Site "Minsk"]
[Date "2005.04.14"]
[Round "7"]
[White "Zhigalko, Sergei"]
[Black "Podolchenko, Evgeniy"]
[Result "1-0"]
[WhiteElo "2462"]
[BlackElo "2260"]
[PlyCount "111"]
[EventDate "2005.04.08"]
[EventType "tourn"]
[EventRounds "9"]
[EventCountry "BLR"]
[EventCategory "2"]
[SourceTitle "CBM 105 Extra"]
[Source "ChessBase"]
[SourceDate "2005.05.01"]
[SourceVersion "1"]
[SourceVersionDate "2005.05.01"]
[SourceQuality "1"]

1. e4 e6 2. d4 d5 3. e5 c5 4. c3 Qb6 5. Nf3 Nc6 6. a3 c4 7. Nbd2 Na5 8. Be2 Bd7 9. O-O Ne7 10. Re1 h6 11. Rb1 Nec6 12. Qc2 Be7 13. Bd1 Qc7 14. Nf1 Nb3 15. Bf4 O-O-O 16. h3 Nca5 17. Qe2 Ba4 18. Ng3 b5 19. Be3 Nc6 20. Nh5 Rdg8 21. Nh2 a5 22. f4 g6 23. Nf6 Bxf6 24. exf6 Qd8 25. Ng4 Kb7 26. f5 gxf5 27. Nxh6 Rxh6 28. Bxh6 Qxf6 29. Bf4 Qh4 30. Qe3 b4 31. axb4 axb4 32. Kh2 Qf6 33. Bg3 Kb6 34. Qf4 Qd8 35. Bc2 Qb8 36. Qe3 Qd8 37. Re2 Kb5 38. Rf1 Qc8 39. Rf3 Nba5 40. Bxa4+ Kxa4 41. Bf4 Nb3 42. Rg3 Na7 43. Bd6 Rxg3 44. Qxg3 Nb5 45. Bf4 Qh8 46. Re1 Ka5 47. Rf1 Kb6 48. Rf3 Kc6 49. Qg5 Qe8 50. Qg7 bxc3 51. bxc3 Nd6 52. Bxd6 Kxd6 53. Qe5+ Kc6 54. Rf2 Qa8 55. Qf6 Qb8+ 56. g3 1-0

[Event "BLR-ch U20"]
[Site "Minsk"]
[Date "2005.04.15"]
[Round "8"]
[White "Zhigalko, Sergei"]
[Black "Garaev, Sergei"]
[Result "1-0"]
[WhiteElo "2462"]
[BlackElo "2293"]
[PlyCount "83"]
[EventDate "2005.04.08"]
[EventType "tourn"]
[EventRounds "9"]
[EventCountry "BLR"]
[EventCategory "2"]
[SourceTitle "CBM 105 Extra"]
[Source "ChessBase"]
[SourceDate "2005.05.01"]
[SourceVersion "1"]
[SourceVersionDate "2005.05.01"]
[SourceQuality "1"]

1. e4 Nc6 2. d4 d5 3. Nc3 dxe4 4. d5 Ne5 5. Qd4 Ng6 6. Be3 Nf6 7. O-O-O e5 8. dxe6 Bxe6 9. Qa4+ Bd7 10. Qb3 Bd6 11. Bg5 h6 12. Bxf6 Qxf6 13. Kb1 Be5 14. Nxe4 Qb6 15. Nf3 Qxb3 16. axb3 O-O-O 17. Bd3 Bg4 18. Ned2 Bf4 19. h3 Bxf3 20. Nxf3 Ne5 21. Bf5+ Kb8 22. Nd4 Nc6 23. Nxc6+ bxc6 24. b4 Rxd1+ 25. Rxd1 Bd6 26. Be4 Bxb4 27. Rd7 Rf8 28. Bxc6 Kc8 29. c3 Bc5 30. f3 Bd6 31. b4 h5 32. Kc2 h4 33. Kb3 g5 34. c4 f6 35. c5 Be5 36. Kc4 Rd8 37. Re7 Kb8 38. Kb5 Bc3 39. Re6 Be5 40. Re7 Bc3 41. Bd7 Be5 42. Kc6 1-0

[Event "BLR-ch U20"]
[Site "Minsk"]
[Date "2005.04.16"]
[Round "9"]
[White "Maiorov, Nikita"]
[Black "Zhigalko, Sergei"]
[Result "1/2-1/2"]
[WhiteElo "2449"]
[BlackElo "2462"]
[PlyCount "85"]
[EventDate "2005.04.08"]
[EventType "tourn"]
[EventRounds "9"]
[EventCountry "BLR"]
[EventCategory "2"]
[SourceTitle "CBM 105 Extra"]
[Source "ChessBase"]
[SourceDate "2005.05.01"]
[SourceVersion "1"]
[SourceVersionDate "2005.05.01"]
[SourceQuality "1"]

1. d4 Nf6 2. c4 e6 3. Nc3 Bb4 4. Qc2 O-O 5. a3 Bxc3+ 6. Qxc3 b6 7. Bg5 Ba6 8. Qf3 Nc6 9. e3 h6 10. Bh4 Na5 11. Rc1 Bb7 12. Bxf6 Qxf6 13. Qxf6 gxf6 14. b4 Nc6 15. Be2 Ne7 16. Bf3 Bxf3 17. Nxf3 f5 18. Ke2 f6 19. Rhd1 c6 20. a4 b5 21. axb5 cxb5 22. d5 bxc4 23. dxe6 dxe6 24. Rxc4 Nd5 25. Nd4 Rfc8 26. Nc6 Kf8 27. Rdc1 a6 28. Kd2 Ke8 29. f3 Rc7 30. Nd4 Rxc4 31. Rxc4 Kd7 32. e4 fxe4 33. fxe4 Nc7 34. Rc5 Rb8 35. Kc3 e5 36. Nf5 h5 37. g3 Rb6 38. Kb3 Ne6 39. Rd5+ Kc7 40. h4 Rc6 41. Ra5 Kb6 42. Rd5 Kc7 43. Ra5 1/2-1/2

[Event "World Youth Stars 3rd"]
[Site "Kirishi"]
[Date "2005.05.15"]
[Round "2"]
[White "Khairullin, Ildar"]
[Black "Zhigalko, Sergei"]
[Result "1-0"]
[WhiteElo "2517"]
[BlackElo "2462"]
[Annotator "Finkel,Alexander"]
[PlyCount "61"]
[EventDate "2005.05.14"]
[EventType "tourn"]
[EventRounds "11"]
[EventCountry "RUS"]
[EventCategory "10"]
[SourceTitle "CBM 107"]
[Source "ChessBase"]
[SourceDate "2005.08.01"]
[SourceVersion "1"]
[SourceVersionDate "2005.08.01"]
[SourceQuality "1"]

1. e4 c5 2. Nf3 Nc6 3. Bb5 Nf6 4. Nc3 Qc7 5. O-O Nd4 6. Re1 a6 7. e5 Nxb5 8. exf6 gxf6 {It's safer to take on c3 first, but in any case Black's defensive resources are more than significant.} (8... Nxc3 9. fxg7 Bxg7 10. dxc3 d6 11. Ng5 (11. Qd5 O-O (11... h6 12. Qh5 e5 13. Nh4 Be6 14. f4 O-O-O 15. Be3 Rdg8 16. Rad1 Bf8 17. f5 Bc4 $13 {Nedev,T-Atalik,S/Kansas 2003}) (11... e5 $6 12. Rd1 Bf8 13. Ng5 Rg8 14. f4 h6 15. fxe5 $40 {Degraeve,J-Lazarev,V/Bethune 2002}) 12. Qh5 e5 13. Bh6 f5 14. Rad1 Rf6 (14... f4 $6 15. Bxg7 Kxg7 16. Qg5+ Kh8 17. Qh6 Bf5 18. Qxd6 Qxd6 19. Rxd6 $16 {Al Modiahki,M-Doghri,N/Tunis 1997}) 15. Bg5 Rf7 16. Bc1 Rf6 17. Bg5 Rf7 18. Bc1 {½-½ Naiditsch,A-Van Wely,L/Ciudad Real 2004}) (11. Qd3 h6 12. Bf4 e5 13. Bg3 Be6 14. Nh4 c4 15. Qf3 Qd7 16. h3 O-O-O $13 {Adams,M-Anand,V/Germany 2004}) 11... h6 (11... Bf5 12. f4 (12. a4 Qc6 13. Qe2 Bf6 14. Ne4 Bxe4 15. Qxe4 Qxe4 16. Rxe4 d5 {½-½ Anand,V-Kramnik,V/Linares 2003}) (12. g4 Bg6 13. f4 h6 14. Nf3 O-O-O 15. f5 Bh7 16. Qd5 e6 $44 {Zeller,F-Pohl,W/Unterkochen 2003}) (12. Qf3 Bg6 13. h4 h5 14. Qg3 Qd7 15. a3 Bf6 16. Ne4 Bxe4 17. Rxe4 O-O-O $15 {Mkrtchian,L-Sterliagova,T/Sochi 2004}) 12... Qd7 13. h3 h6 14. Ne4 O-O-O 15. Qf3 Rhg8 16. Be3 Bxe4 17. Qxe4 Bf6 18. f5 h5 19. Rad1 Qc6 20. Bf2 Rg7 $13 {Nedev,T-Eljanov,P/Bled 2002}) 12. Bf4 (12. Ne4 Be6 13. Bf4 O-O-O 14. Qh5 Rdg8 15. Rad1 Be5 16. Bxe5 dxe5 17. Qe2 $14 {Marzolo,C-Lerch,P/Marseille 2001}) 12... O-O 13. Ne4 f5 (13... Bf5 14. Qh5 Bg6 15. Qh4 h5 (15... f5 $6 16. Nd2 Bf6 17. Qg3 Kg7 18. Re6 Rh8 19. Rae1 $16 {Savchenko,B-Farakhov,R/Essentuki 2003}) 16. Rad1 Rae8 17. Bg5 f6 18. Bc1 Qc8 19. h3 Rf7 20. Rd3 $36 {Yurtaev,L-Ivanchuk,V/Frunze 1988}) 14. Nxd6 exd6 15. Bxd6 Qf7 16. Bxf8 Bxf8 17. Qd8 b5 18. Rad1 Bb7 19. Qb6 Qg7 20. Qe6+ Kh8 21. g3 Be4 $13 {Volokitin,A-Eljanov,P/Alushta 2002}) 9. Nd5 $5 (9. Ne4 Bg7 10. d4 Nxd4 (10... f5 $6 11. Nxc5 Nxd4 12. Nxd4 Qxc5 13. Be3 Bf6 14. b4 Qxb4 15. Nxf5 $36 {Matikozian,A-Nakamura,H/Fort Lauderdale 2004}) 11. Nxd4 cxd4 12. Qxd4 O-O 13. Ng3 d6 14. Qh4 Kh8 15. Bd2 Rg8 16. Bc3 $44 {Papa,S-Cherniaev,A/Biel 2004}) 9... Qc6 (9... Qd6 10. c4 Nc7 11. d4 (11. Nxc7+ Qxc7 12. d4) 11... Nxd5 12. dxc5 Qxc5 13. cxd5 $44) 10. c4 Nc7 11. Nxc7+ Qxc7 12. d4 e6 {[%csl Rf6] It was possible to opt for 12...d6 to prevent the weakening the pawn on f6.} (12... d6 13. d5 Rg8 14. Qc2 Qd7 15. Bf4 b5 16. b3 Qg4 17. Bg3 f5 $132) 13. b3 d6 (13... b6 $5 14. Bb2 Bb7 15. dxc5 Bxc5 16. Bxf6 Rg8 $13 {[%cal Gc7f4]}) 14. Bb2 Bg7 15. dxc5 dxc5 16. Ng5 $1 {White has certain compensation for a pawn, but Black's position is very solid so it's pretty tough to break through.} e5 $6 {Not just weakening the square f5, but giving White a chance to open up the position with f4.} (16... O-O $2 17. Qh5 $1 fxg5 18. Bxg7 Kxg7 19. Qxg5+ Kh8 20. Qf6+ Kg8 21. Re5 Rd8 22. Rg5+ Kf8 23. Rg7 $18) (16... Rg8 17. Ne4 f5 18. Nf6+ Bxf6 19. Bxf6 Rg6 20. Bh4 f6 (20... b6 $6 21. Qh5 Bb7 22. Qxh7 Rxg2+ 23. Kf1 $40 {[%csl Re8]}) 21. Qh5 f4 22. Rad1 Kf8 $15) 17. Ne4 O-O (17... Be6 $6 18. f4 (18. Qf3 Qe7 19. Rad1 O-O 20. Qg3 Rad8 21. Rxd8 Rxd8 22. f4 Bf5 $132) 18... Rd8 19. Qh5 O-O 20. Qh4 $16) 18. f4 $1 $36 b6 (18... Bf5 19. Qd6 $5 Qxd6 20. Nxd6 Bc8 21. fxe5 fxe5 22. Bxe5 Rd8 23. Rad1 Bg4 24. Rd3 $14) 19. Qh5 Qd7 (19... Bb7 20. Ng3 $1 {[%csl Rg8][%cal Gg3f5]} Rfd8 21. Re2 $1 $16 {[%csl Gd2,Gg2]}) 20. fxe5 fxe5 21. Bxe5 Qg4 ({May be Black should've looked for escape after} 21... f5 $1 22. Rad1 (22. Bxg7 Qxg7 23. Rad1 fxe4 24. Qd5+ Qf7 25. Qxa8 Bg4 26. Qd5 Bxd1 27. Rxd1 Qxd5 28. Rxd5 e3 29. Rg5+ Kh8 30. Re5 Rf2 $11) 22... Qe8 23. Qxe8 Rxe8 24. Nf6+ Bxf6 25. Bxf6 Rxe1+ 26. Rxe1 Rb8 $1 $11 {[%cal Gg8f7,Gc8e6]}) 22. Ng3 Be6 (22... Qxh5 23. Nxh5 Bxe5 24. Rxe5 h6 25. Rae1 Rb8 26. Re7 $16) 23. Qxg4 Bxg4 24. h3 Bxe5 (24... Be6 25. Nh5 Bxe5 26. Rxe5 Rad8 27. Rf1 $14) 25. Rxe5 Be6 26. Nh5 Rfd8 27. Rf1 Rd2 $2 {[%csl Rd2]} (27... h6 $1 $14 {[%csl Gg5]}) 28. Nf6+ $18 Kg7 (28... Kf8 $2 29. Rxe6 fxe6 30. Ne4+) (28... Kh8 29. Rh5 Kg7 30. Rxh7+ Kg6 31. h4 Rxa2 32. h5+ Kg5 33. Ne4+ Kh4 34. Rg7 $18) 29. Rg5+ Kh6 $6 (29... Kh8) 30. h4 Rxa2 31. Ng4+ $1 1-0

[Event "Minsk Inautomarket op"]
[Site "Minsk"]
[Date "2005.07.10"]
[Round "1"]
[White "Zhigalko, Sergei"]
[Black "Ivkina, Olga"]
[Result "1-0"]
[WhiteElo "2485"]
[BlackElo "2183"]
[PlyCount "133"]
[EventDate "2005.07.06"]
[EventType "swiss"]
[EventRounds "9"]
[EventCountry "BLR"]
[SourceTitle "CBM 107 Extra"]
[Source "ChessBase"]
[SourceDate "2005.09.01"]
[SourceVersion "1"]
[SourceVersionDate "2005.09.01"]
[SourceQuality "1"]

1. e4 e6 2. d4 d5 3. e5 c5 4. c3 Nc6 5. Nf3 Bd7 6. Be2 Nge7 7. Na3 cxd4 8. cxd4 Nf5 9. Nc2 Nb4 10. Nxb4 Bxb4+ 11. Bd2 Qb6 12. Bxb4 Qxb4+ 13. Qd2 Qxd2+ 14. Kxd2 Rc8 15. Bd3 Ne7 16. h4 O-O 17. h5 h6 18. Rac1 Rxc1 19. Rxc1 Rc8 20. Rxc8+ Nxc8 21. g4 a5 22. Nh4 b5 23. f4 Nb6 24. b3 b4 25. g5 Nc8 26. Ng2 Na7 27. gxh6 gxh6 28. Ne3 Bb5 29. f5 Bxd3 30. Kxd3 Nb5 31. Ng4 Kg7 32. Nf6 Nc3 33. fxe6 fxe6 34. a3 Na2 35. axb4 axb4 36. Kd2 Kf7 37. Nd7 Nc3 38. Nc5 Ke7 39. Ke3 Nd1+ 40. Ke2 Nc3+ 41. Kd3 Na2 42. Kd2 Nc3 43. Kd3 Na2 44. Kc2 Nc3 45. Kd2 Kf7 46. Kd3 Na2 47. Ke3 Ke7 48. Nd3 Ke8 49. Kd2 Kd7 50. Ke3 Ke8 51. Nf4 Kd7 52. Ne2 Kc6 53. Kd3 Nc3 54. Nxc3 bxc3 55. Kxc3 Kb5 56. Kc2 Ka5 57. Kb1 Kb5 58. Ka2 Kb4 59. Kb2 Ka5 60. Ka3 Kb5 61. b4 Kc4 62. Ka4 Kxd4 63. b5 Kxe5 64. b6 Kd6 65. Kb5 d4 66. Ka6 e5 67. b7 1-0

[Event "Minsk Inautomarket op"]
[Site "Minsk"]
[Date "2005.07.11"]
[Round "2"]
[White "Grabinsky, Vladimir"]
[Black "Zhigalko, Sergei"]
[Result "0-1"]
[WhiteElo "2316"]
[BlackElo "2485"]
[PlyCount "67"]
[EventDate "2005.07.06"]
[EventType "swiss"]
[EventRounds "9"]
[EventCountry "BLR"]
[SourceTitle "CBM 107 Extra"]
[Source "ChessBase"]
[SourceDate "2005.09.01"]
[SourceVersion "1"]
[SourceVersionDate "2005.09.01"]
[SourceQuality "1"]

1. e4 c5 2. b4 cxb4 3. a3 d5 4. exd5 Qxd5 5. Nf3 e6 6. Bb2 Nf6 7. Bd3 Nc6 8. O-O Be7 9. axb4 Nxb4 10. Nc3 Qd8 11. Bc4 O-O 12. Re1 b6 13. Ne5 Bb7 14. Re3 a6 15. Rg3 b5 16. Bb3 Nc6 17. Ne2 Nxe5 18. Bxe5 Bd6 19. Rd3 Nd5 20. Bxd6 Qxd6 21. Ng3 Qe5 22. c3 Nf4 23. Re3 Qg5 24. f3 Rfd8 25. Bc2 h5 26. Qe1 h4 27. Re5 f5 28. Bb3 hxg3 29. hxg3 Nd3 30. Bxe6+ Kh8 31. Qe3 Qxe3+ 32. Rxe3 f4 33. gxf4 Nxf4 34. Bf7 0-1

[Event "Minsk Inautomarket op"]
[Site "Minsk"]
[Date "2005.07.14"]
[Round "5"]
[White "Zhigalko, Sergei"]
[Black "Soltanici, Ruslan"]
[Result "1-0"]
[WhiteElo "2485"]
[BlackElo "2324"]
[PlyCount "75"]
[EventDate "2005.07.06"]
[EventType "swiss"]
[EventRounds "9"]
[EventCountry "BLR"]
[SourceTitle "CBM 107 Extra"]
[Source "ChessBase"]
[SourceDate "2005.09.01"]
[SourceVersion "1"]
[SourceVersionDate "2005.09.01"]
[SourceQuality "1"]

1. e4 g6 2. d4 Bg7 3. Nc3 c6 4. Nf3 d6 5. h3 Nf6 6. Be3 O-O 7. a4 Nbd7 8. a5 e5 9. dxe5 dxe5 10. Qd6 Ne8 11. Qa3 Nc7 12. Rd1 Re8 13. Bc4 Ne6 14. O-O Qf6 15. Ne2 Ndf8 16. b4 h6 17. Qc1 Kh7 18. c3 Qe7 19. Qc2 Qc7 20. Ra1 Nf4 21. Nxf4 exf4 22. Bd4 Be6 23. Bd3 b6 24. Rfe1 c5 25. axb6 axb6 26. bxc5 bxc5 27. Bxg7 Kxg7 28. Bb5 Rxa1 29. Rxa1 Rd8 30. c4 Nh7 31. Qc3+ Kg8 32. Ne5 Qb7 33. Nc6 Rd7 34. Ra7 Qxa7 35. Nxa7 Rxa7 36. Qe5 Ra2 37. Qb8+ Kg7 38. Qxf4 1-0

[Event "Minsk Inautomarket op"]
[Site "Minsk"]
[Date "2005.07.17"]
[Round "8"]
[White "Danin, Alexandre"]
[Black "Zhigalko, Sergei"]
[Result "1/2-1/2"]
[WhiteElo "2386"]
[BlackElo "2485"]
[PlyCount "97"]
[EventDate "2005.07.06"]
[EventType "swiss"]
[EventRounds "9"]
[EventCountry "BLR"]
[SourceTitle "CBM 107 Extra"]
[Source "ChessBase"]
[SourceDate "2005.09.01"]
[SourceVersion "1"]
[SourceVersionDate "2005.09.01"]
[SourceQuality "1"]

1. e4 c5 2. Nf3 Nc6 3. d4 cxd4 4. Nxd4 Nf6 5. Nc3 e5 6. Ndb5 d6 7. Bg5 a6 8. Na3 b5 9. Bxf6 gxf6 10. Nd5 Bg7 11. c3 f5 12. exf5 Bxf5 13. Nc2 Be6 14. a4 O-O 15. axb5 axb5 16. Rxa8 Qxa8 17. Nc7 Qa2 18. Bxb5 Qxb2 19. O-O Bb3 20. Qxd6 Qxc3 21. Bxc6 Bxc2 22. Rc1 e4 23. Nd5 Qb2 24. Re1 Bd3 25. Qf4 Kh8 26. g3 Be5 27. Qh6 Bg7 28. Qf4 f5 29. Qc1 Qb8 30. Qa3 Rg8 31. Ne7 Rf8 32. Nd5 Qc8 33. Qd6 Qa6 34. Nc7 Qa5 35. Rd1 Be2 36. Rc1 Qe5 37. Qxe5 Bxe5 38. Nd5 Bf3 39. Bd7 Rd8 40. Rc8 Rxc8 41. Bxc8 f4 42. gxf4 Bd6 43. f5 Be5 44. f6 e3 45. Nxe3 Bxf6 46. Bg4 Bc6 47. Be6 Kg7 48. Bd5 Bd7 49. Kg2 1/2-1/2

[Event "Minsk Inautomarket op"]
[Site "Minsk"]
[Date "2005.07.18"]
[Round "9"]
[White "Zhigalko, Sergei"]
[Black "Onischuk, Vladimir"]
[Result "1-0"]
[WhiteElo "2485"]
[BlackElo "2349"]
[PlyCount "59"]
[EventDate "2005.07.06"]
[EventType "swiss"]
[EventRounds "9"]
[EventCountry "BLR"]
[SourceTitle "CBM 107 Extra"]
[Source "ChessBase"]
[SourceDate "2005.09.01"]
[SourceVersion "1"]
[SourceVersionDate "2005.09.01"]
[SourceQuality "1"]

1. e4 c5 2. c3 d6 3. d4 cxd4 4. cxd4 Nf6 5. Nc3 g6 6. Nf3 Bg7 7. Be2 O-O 8. O-O a6 9. a4 b6 10. Re1 Bb7 11. Bf1 Nbd7 12. h3 Rc8 13. Bf4 Kh8 14. Bh2 Rxc3 15. bxc3 Nxe4 16. Qc2 f5 17. Nd2 Nxd2 18. Qxd2 Nf6 19. Rab1 Qc7 20. Qb2 Be4 21. Qxb6 Qxc3 22. Rbc1 Nd5 23. Qxa6 Qxd4 24. Rc8 Nc3 25. Rxf8+ Bxf8 26. Qc8 Kg7 27. Bf4 Kf7 28. Be3 Qb4 29. Bd2 Bg7 30. Re3 1-0

[Event "Pardubice op-A"]
[Site "Pardubice"]
[Date "2005.07.22"]
[Round "1"]
[White "Skjoldborg, Jesper"]
[Black "Zhigalko, Sergei"]
[Result "1/2-1/2"]
[WhiteElo "2291"]
[BlackElo "2485"]
[PlyCount "55"]
[EventDate "2005.07.22"]
[EventType "swiss"]
[EventRounds "9"]
[EventCountry "CZE"]
[SourceTitle "CBM 107 Extra"]
[Source "ChessBase"]
[SourceDate "2005.09.01"]
[SourceVersion "1"]
[SourceVersionDate "2005.09.01"]
[SourceQuality "1"]

1. e4 c5 2. Nf3 Nc6 3. d4 cxd4 4. Nxd4 Nf6 5. Nc3 e5 6. Ndb5 d6 7. Bg5 a6 8. Na3 b5 9. Bxf6 gxf6 10. Nd5 Bg7 11. c3 f5 12. exf5 Bxf5 13. Nc2 Be6 14. Nce3 Ne7 15. g3 Nxd5 16. Nxd5 O-O 17. Bg2 a5 18. O-O Rb8 19. Qe2 Bxd5 20. Bxd5 Kh8 21. f4 f5 22. Rad1 b4 23. c4 exf4 24. Rxf4 Be5 25. Rf3 Qg5 26. Rdf1 Rf6 27. Kh1 Rc8 28. b3 1/2-1/2

[Event "Pardubice op-A"]
[Site "Pardubice"]
[Date "2005.07.24"]
[Round "3"]
[White "Schaefer, Markus"]
[Black "Zhigalko, Sergei"]
[Result "0-1"]
[WhiteElo "2372"]
[BlackElo "2485"]
[PlyCount "100"]
[EventDate "2005.07.22"]
[EventType "swiss"]
[EventRounds "9"]
[EventCountry "CZE"]
[SourceTitle "CBM 107 Extra"]
[Source "ChessBase"]
[SourceDate "2005.09.01"]
[SourceVersion "1"]
[SourceVersionDate "2005.09.01"]
[SourceQuality "1"]

1. e4 c5 2. Nf3 Nc6 3. d4 cxd4 4. Nxd4 Nf6 5. Nc3 e5 6. Ndb5 d6 7. Bg5 a6 8. Na3 b5 9. Bxf6 gxf6 10. Nd5 Bg7 11. c3 f5 12. exf5 Bxf5 13. Nc2 Be6 14. Nce3 Ne7 15. g3 Nxd5 16. Nxd5 O-O 17. Bg2 a5 18. O-O Rb8 19. Qh5 f5 20. Rad1 Kh8 21. Rd2 Bf7 22. Qd1 Qd7 23. f4 Be6 24. a3 e4 25. Kh1 Qf7 26. g4 fxg4 27. Ne3 Bb3 28. Qxg4 d5 29. Qg5 b4 30. axb4 axb4 31. cxb4 d4 32. Ng4 e3 33. Ne5 exd2 34. Nxf7+ Rxf7 35. Bf3 Re8 36. Kg2 Re1 37. f5 Rxf1 38. Kxf1 d1=Q+ 39. Bxd1 Bxd1 40. Ke1 Bc2 41. b5 Bxf5 42. b6 h6 43. Qd8+ Kh7 44. Qe8 Bg6 45. Qc6 Re7+ 46. Kd2 d3 47. b7 Re2+ 48. Kd1 Rxb2 49. Qd7 d2 50. Qd5 Bc2+ 0-1

[Event "Pardubice op-A"]
[Site "Pardubice"]
[Date "2005.07.25"]
[Round "4"]
[White "Zhigalko, Sergei"]
[Black "Kholmov, Ratmir D"]
[Result "1/2-1/2"]
[WhiteElo "2485"]
[BlackElo "2430"]
[PlyCount "118"]
[EventDate "2005.07.22"]
[EventType "swiss"]
[EventRounds "9"]
[EventCountry "CZE"]
[SourceTitle "CBM 107 Extra"]
[Source "ChessBase"]
[SourceDate "2005.09.01"]
[SourceVersion "1"]
[SourceVersionDate "2005.09.01"]
[SourceQuality "1"]

1. e4 e5 2. Nf3 Nc6 3. Bb5 a6 4. Ba4 Nf6 5. O-O Be7 6. Re1 b5 7. Bb3 O-O 8. c3 d6 9. h3 Nb8 10. d4 Nbd7 11. Nbd2 Bb7 12. Bc2 Re8 13. Nf1 Bf8 14. Ng3 g6 15. b3 Bg7 16. d5 Rc8 17. c4 bxc4 18. bxc4 c6 19. Be3 cxd5 20. cxd5 Nc5 21. Rb1 Ba8 22. Qd2 Re7 23. Rb2 Rb7 24. Reb1 Rxb2 25. Rxb2 Nfd7 26. Qb4 Rb8 27. Qa3 Bf6 28. Nd2 Qc7 29. Rxb8+ Qxb8 30. Nb3 Qb5 31. Nxc5 Nxc5 32. Nf1 Bd8 33. Bxc5 dxc5 34. Bd3 c4 35. Be2 Bb6 36. Qc3 Bd4 37. Qxc4 Qxc4 38. Bxc4 Bb7 39. Nd2 Kf8 40. Nb3 Bb6 41. Kf1 Ke7 42. Ke2 Kd6 43. f3 h5 44. Kd3 f5 45. Kc3 f4 46. Kb4 Bc8 47. Be2 Bf2 48. Ka4 Be1 49. Ka3 g5 50. Kb2 Bb4 51. Kc2 Be1 52. a3 a5 53. Nc1 Bd7 54. Nd3 Ba4+ 55. Kb2 Bd2 56. Kb1 Bb3 57. Nb2 Bc3 58. Nd3 Ba4 59. Nb2 Bb3 1/2-1/2

[Event "Pardubice op-A"]
[Site "Pardubice"]
[Date "2005.07.26"]
[Round "5"]
[White "Ismagambetov, Anuar"]
[Black "Zhigalko, Sergei"]
[Result "1/2-1/2"]
[WhiteElo "2408"]
[BlackElo "2485"]
[PlyCount "38"]
[EventDate "2005.07.22"]
[EventType "swiss"]
[EventRounds "9"]
[EventCountry "CZE"]
[SourceTitle "CBM 107 Extra"]
[Source "ChessBase"]
[SourceDate "2005.09.01"]
[SourceVersion "1"]
[SourceVersionDate "2005.09.01"]
[SourceQuality "1"]

1. e4 c5 2. Nf3 Nc6 3. d4 cxd4 4. Nxd4 Nf6 5. Nc3 e5 6. Ndb5 d6 7. Bg5 a6 8. Na3 b5 9. Bxf6 gxf6 10. Nd5 Bg7 11. c3 f5 12. Bd3 Be6 13. Qh5 O-O 14. O-O f4 15. g4 fxg3 16. fxg3 f5 17. Nc2 Qd7 18. Nce3 Qa7 19. Kh1 f4 1/2-1/2

[Event "Pardubice op-A"]
[Site "Pardubice"]
[Date "2005.07.27"]
[Round "6"]
[White "Zhigalko, Sergei"]
[Black "Gajewski, Grzegorz"]
[Result "1/2-1/2"]
[WhiteElo "2485"]
[BlackElo "2396"]
[PlyCount "39"]
[EventDate "2005.07.22"]
[EventType "swiss"]
[EventRounds "9"]
[EventCountry "CZE"]
[SourceTitle "CBM 107 Extra"]
[Source "ChessBase"]
[SourceDate "2005.09.01"]
[SourceVersion "1"]
[SourceVersionDate "2005.09.01"]
[SourceQuality "1"]

1. e4 e5 2. Nf3 Nc6 3. Bb5 a6 4. Ba4 Nf6 5. O-O b5 6. Bb3 Be7 7. Re1 d6 8. c3 O-O 9. h3 Rb8 10. d3 Na5 11. Bc2 c5 12. Nbd2 Nc6 13. Nf1 d5 14. exd5 Nxd5 15. Nxe5 Nxe5 16. Rxe5 Bf6 17. Re1 b4 18. d4 bxc3 19. bxc3 g6 20. Qf3 1/2-1/2

[Event "Pardubice op-A"]
[Site "Pardubice"]
[Date "2005.07.29"]
[Round "8"]
[White "Zhigalko, Sergei"]
[Black "Jirka, Jiri"]
[Result "1-0"]
[WhiteElo "2485"]
[BlackElo "2391"]
[PlyCount "111"]
[EventDate "2005.07.22"]
[EventType "swiss"]
[EventRounds "9"]
[EventCountry "CZE"]
[SourceTitle "CBM 107 Extra"]
[Source "ChessBase"]
[SourceDate "2005.09.01"]
[SourceVersion "1"]
[SourceVersionDate "2005.09.01"]
[SourceQuality "1"]

1. e4 e5 2. Nf3 Nc6 3. Bb5 Nd4 4. Nxd4 exd4 5. Bc4 c6 6. O-O h5 7. d3 Bc5 8. Nd2 d5 9. exd5 cxd5 10. Bb5+ Kf8 11. Nf3 Qa5 12. c4 dxc3 13. Ba4 Bg4 14. Bb3 Bd4 15. bxc3 Bxc3 16. Rb1 h4 17. h3 Bh5 18. Ba4 Nf6 19. Rxb7 Bxf3 20. gxf3 Kg8 21. Qb3 Qa6 22. Rd1 Rc8 23. Be3 Qe6 24. Rc1 Be5 25. Rxc8+ Qxc8 26. d4 Bd6 27. Kg2 Rh5 28. Rxa7 Qe6 29. Ra8+ Kh7 30. Qc2+ Rf5 31. Qc8 Qxc8 32. Rxc8 g6 33. Bc2 Rh5 34. a4 Bb4 35. Bf4 Nd7 36. Rc7 Nf8 37. Rxf7+ Kg8 38. Rb7 Bc3 39. Be3 Rh7 40. Rb5 Rd7 41. Rxd5 Rxd5 42. Bb3 Kg7 43. Bxd5 Kf6 44. Kf1 g5 45. f4 gxf4 46. Bxf4 Bxd4 47. a5 Nd7 48. a6 Ba7 49. Be3 Nc5 50. Bc4 Kf5 51. Bb5 Bb6 52. Ke2 Ba7 53. Kf3 Bb6 54. Bc6 Ba7 55. Bb7 Bb6 56. Bc8+ 1-0

[Event "Pardubice op-A"]
[Site "Pardubice"]
[Date "2005.07.30"]
[Round "9"]
[White "Poobesh Anand, Selvaraj"]
[Black "Zhigalko, Sergei"]
[Result "1/2-1/2"]
[WhiteElo "2372"]
[BlackElo "2485"]
[PlyCount "53"]
[EventDate "2005.07.22"]
[EventType "swiss"]
[EventRounds "9"]
[EventCountry "CZE"]
[SourceTitle "CBM 107 Extra"]
[Source "ChessBase"]
[SourceDate "2005.09.01"]
[SourceVersion "1"]
[SourceVersionDate "2005.09.01"]
[SourceQuality "1"]

1. d4 d5 2. Nf3 e6 3. c4 c6 4. e3 Bd6 5. b3 f5 6. Bd3 Nf6 7. O-O Qe7 8. Bb2 O-O 9. Qc1 Bd7 10. Ba3 Be8 11. Bxd6 Qxd6 12. Qa3 Qxa3 13. Nxa3 Bh5 14. Ng5 Re8 15. cxd5 Nxd5 16. Nc4 Re7 17. Rfe1 Nd7 18. Rac1 Rd8 19. Bb1 h6 20. Nh3 Bg4 21. Nf4 Nxf4 22. exf4 Kf8 23. f3 Bh5 24. Rcd1 Bf7 25. h4 g6 26. Kf2 Nb6 27. Nxb6 1/2-1/2